000 00530nam a2200133Ia 4500
008 171212s9999 xx 000 0 und d
020 _a9780833049599
100 _aStecher, Brian M.;Vernez, Georges
245 _cStecher, Brian M.;Vernez, Georges
_aReauthorizing No Child Left Behind
_bFacts and Recommendations
260 _bRAND Corporation
_c2010
650 _aEducation
650 _aEducational accountability -- United States; United States. No Child Left Behind Act of 2001
856 _uwww.jstor.org/stable/10.7249/mg977rc
999 _c352469
_d352469